01015nmc a2200289 a 4500003000900000005001700009008004100026020001800067040001300085100004000098245004600138260005100184300001000235490006400245500007000309500004400379500008700423650002400510650002800534650002400562650001200586650001600598650002800614650002400642650003100666700002800697AR-BaBNM20251128204522.0055019s1987 ||||||||||||||000 | spa|| a958-9043-52-6 cAR-BaBNM1 aCharría de Alonso, María Elvira10aHacia una nueva pedagogía de la lectura aBogotábCIIDbPROCULTURAbMENbCERLALCc19870 a86 p. 0aLa escuela y la formación de lectores autónomosvv. 7/10 aCIID: Centro Interamericano de Investigaciones para el Desarrollo0 aMEN: Ministerio de Educación Nacional0 aCERLALC: Centro Regional para el Fomento del Libro en América Latina y el Caribe 4aLITERATURA INFANTIL 4aENSENANZA DE LA LECTURA 4aMATERIAL DE LECTURA 4aLECTURA 4aAPRENDIZAJE 4aPROMOCION DE LA LECTURA 4aPENSAMIENTO CRITICO 4aACTIVIDADES DE APRENDIZAJE1 aGónzalez Gómez, Ana